| 000 | 00457nam a22001697a 4500 | ||
|---|---|---|---|
| 003 | NUST - PNEC | ||
| 005 | 20170116180930.0 | ||
| 008 | 150905b xxu||||| |||| 00| 0 eng d | ||
| 020 | _a0395250382 | ||
| 040 | _cLIBRARY | ||
| 082 | _a621.3 KEN | ||
| 100 |
_98231 _aKendall L. Su |
||
| 245 |
_aFundamentals of circuits, electronics and signal analysis _cKendell L. Su |
||
| 260 | _cc.1978 | ||
| 650 |
_98233 _aElectrical engineering _xEE |
||
| 942 |
_2ddc _cBK |
||
| 999 |
_c65900 _d65900 |
||